Morat- Si Ayer Fuera Hoy - Estadísticas

Estadísticas generales
  • Esta prueba ha sido intentada 9 veces
  • La puntuación promedio es 8 de 12
Estadísticas de respuestas
Canciones % Correcto
Segundos Platos
88%
Si La Ves
88%
Valen Más
88%
Las Cometas SiempreVuelan En Agosto
75%
Nunca Al Revés
75%
París
75%
Salir Con Vida
75%
506
63%
Debí Suponerlo
63%
Llamada Perdida
63%
Santa Fe
63%
Cuesta Abajo
13%
No se encontraron pruebas coincidentes
Distribución de puntuación
Porcentaje de gente con cada puntuación
Porcentaje por número respondido
Historial de tus puntuaciones
No has intentado esta prueba.